All Formula 1 Fastest Laps - Statistics

General Stats
  • This quiz has been taken 1,116 times
    368 since last reset
  • The average score is 72 of 132
Answer Stats
Fastest Laps Driver Country Active Years % Correct
67 Lewis Hamilton United Kingdom 2007-
100%
33 Max Verstappen Netherlands 2015-
99%
77 Michael Schumacher Germany 1991-2006, 2010-2012
99%
8 Ralf Schumacher Germany 1997-2007
99%
46 Kimi Räikkönen Finland 2001-2009, 2012-2021
98%
38 Sebastian Vettel Germany 2007-2022
98%
26 Fernando Alonso Spain 2001, 2003-2018, 2021-
96%
41 Alain Prost France 1980-1991, 1993
95%
19 Ayrton Senna Brazil 1984-1994
94%
1 Bruno Senna Brazil 2010-2012
94%
24 Niki Lauda Austria 1971-1979, 1982-1985
93%
25 Mika Häkkinen Finland 1991-2001
91%
16 Daniel Ricciardo Australia 2011-2024
90%
3 Keke Rosberg Finland 1978-1986
90%
20 Nico Rosberg Germany 2006-2016
90%
19 Valtteri Bottas Finland 2013-
90%
11 Lando Norris United Kingdom 2019-
89%
10 Charles Leclerc Monaco 2018-
88%
23 Juan Manuel Fangio Argentina 1950-1951, 1953-1958
88%
19 Damon Hill United Kingdom 1992-1999
87%
10 Graham Hill United Kingdom 1958-1975
87%
23 Nelson Piquet Brazil 1978-1991
87%
6 Phil Hill United States 1958-1964, 1966
87%
19 Mark Webber Australia 2002-2013
86%
30 Nigel Mansell United Kingdom 1980-1992, 1994-1995
86%
12 Sergio Pérez Mexico 2011-
86%
1 Esteban Ocon France 2016-
85%
15 Felipe Massa Brazil 2002, 2004-2017
85%
2 Jochen Mass Germany 1973-1982
85%
4 Carlos Sainz Spain 2015-
83%
8 George Russell United Kingdom 2019-
82%
3 Pierre Gasly France 2017-
82%
8 Gilles Villeneuve Canada 1977-1982
81%
9 Jacques Villeneuve Canada 1996-2006
81%
8 Jenson Button United Kingdom 2000-2016
81%
28 Jim Clark United Kingdom 1960-1968
80%
17 Rubens Barrichello Brazil 1993-2011
80%
15 Jackie Stewart United Kingdom 1965-1973
79%
12 Alberto Ascari Italy 1950-1955
78%
3 Oscar Piastri Australia 2023-
78%
12 Jack Brabham Australia 1955-1970
77%
12 Juan Pablo Montoya Colombia 2001-2006
76%
1 Yuki Tsunoda Japan 2021-
76%
18 David Coulthard United Kingdom 1994-2008
73%
5 Giuseppe Farina Italy 1950-1955
73%
2 Kevin Magnussen Denmark 2014-2020, 2022-
73%
2 Nico Hülkenberg Germany 2010, 2012-2020, 2022-
73%
8 James Hunt United Kingdom 1973-1979
72%
10 Mario Andretti United States 1968-1972, 1974-1982
72%
6 Emerson Fittipaldi Brazil 1970-1980
71%
1 Robert Kubica Poland 2006-2010
71%
19 Stirling Moss United Kingdom 1951-1961
71%
13 Alan Jones Australia 1975-1981, 1983, 1985-1986
70%
1 Daniil Kvyat Russia 2014-2020
70%
21 Gerhard Berger Austria 1984-1997
68%
14 Jacky Ickx Belgium 1967-1979
68%
9 Denny Hulme New Zealand 1965-1974
67%
1 Romain Grosjean France 2009, 2012-2020
66%
2 Zhou Guanyu China 2022-
66%
5 Jody Scheckter South Africa 1972-1980
65%
3 Bruce McLaren New Zealand 1959-1970
64%
11 John Surtees United Kingdom 1960-1972
63%
6 Mike Hawthorn United Kingdom 1952-1958
63%
3 Jochen Rindt Austria 1964-1970
62%
2 Giancarlo Fisichella Italy 1996-2009
59%
1 Kamui Kobayashi Japan 2009-2012, 2014
59%
6 Carlos Reutemann Argentina 1972-1982
58%
1 Jarno Trulli Italy 1997-2011
58%
13 Riccardo Patrese Italy 1977-1993
58%
4 Jean Alesi France 1989-2001
57%
15 Clay Regazzoni Switzerland 1970-1980
56%
9 Ronnie Peterson Sweden 1970-1978
56%
2 Heikki Kovalainen Finland 2007-2012
55%
6 Heinz-Harald Frentzen Germany 1994-2003
55%
12 René Arnoux France 1978-1989
55%
1 Vitaly Petrov Russia 2010-2012
53%
1 Esteban Gutiérrez Mexico 2013-2014, 2016
50%
1 Pedro de la Rosa Spain 1999-2002, 2005-2006, 2010-2012
50%
2 Nick Heidfeld Germany 2000-2011
49%
1 Eddie Irvine United Kingdom 1993-2002
48%
6 José Froilán González Argentina 1950, 1957-1960
48%
5 Michele Alboreto Italy 1981-1994
44%
1 Adrian Sutil Germany 2007-2011, 2013-2014
43%
1 Timo Glock Germany 2004, 2008-2012
40%
5 Didier Pironi France 1978-1982
38%
6 Jacques Laffite France 1974-1986
38%
5 John Watson United Kingdom 1973-1983, 1985
38%
1 Thierry Boutsen Belgium 1983-1993
37%
1 Pedro Rodriguez Mexico 1963-1971
36%
1 Alexander Wurz Austria 1997-2000, 2005, 2007
35%
5 José Carlos Pace Brazil 1972-1977
35%
6 Dan Gurney United States 1959-1968, 1970
34%
1 Luigi Musso Italy 1953-1958
33%
2 François Cevert France 1970-1973
32%
3 Tony Brooks United Kingdom 1956-1961
31%
3 Chris Amon New Zealand 1963-1976
30%
1 Andrea de Cesaris Italy 1980-1994
29%
4 Patrick Depailler France 1972, 1974-1980
28%
2 Patrick Tambay France 1977-1979, 1981-1986
28%
1 Satoru Nakajima Japan 1987-1991
28%
2 Alessandro Nannini Italy 1986-1990
27%
4 Jo Siffert Switzerland 1962-1971
27%
2 Lorenzo Bandini Italy 1961-1967
27%
3 Richie Ginther United States 1960-1967
26%
1 Piero Taruffi Italy 1950-1956
22%
4 Jean-Pierre Beltoise France 1967-1974
21%
3 Jean-Pierre Jarier France 1971, 1973-1983
21%
1 Maurice Trintignant France 1950-1964
21%
1 Giancarlo Baghetti Italy 1961-1967
19%
1 Gunnar Nilsson Sweden 1976-1977
17%
1 Ludovico Scarfiotti Italy 1963-1968
17%
1 Vittorio Brambilla Italy 1974-1980
17%
2 Derek Warwick United Kingdom 1981-1990, 1993
15%
1 Roberto Moreno Brazil 1982, 1987, 1989-1992, 1995
15%
1 Jean Behra France 1952-1959
13%
1 Karl Kling Germany 1954-1955
12%
2 Teo Fabi Italy 1982, 1984-1987
12%
1 Hans Herrman Germany 1953-1955, 1957-1961
11%
1 Innes Ireland United Kingdom 1959-1966
11%
1 Luigi Villoresi Italy 1950-1956
10%
1 Onofre Marimón Argentina 1951, 1953-1954
10%
1 Marc Surer Switzerland 1979-1986
9%
1 Maurício Gugelmin Brazil 1988-1992
9%
1 Jonathan Palmer United Kingdom 1983-1989
8%
1 Bertrand Gachot Belgium 1989-1992, 1994-1995
7%
1 Mike Hailwood United Kingdom 1963-1965, 1971-1974
7%
1 Roberto Mières Argentina 1953-1955
7%
1 Henri Pescarolo France 1968, 1970-1974, 1976
6%
1 Jackie Oliver United Kingdom 1968-1973, 1977
5%
1 Masahiro Hasemi Japan 1976
4%
1 Richard Attwood United Kingdom 1964-1965, 1967-1969
4%
1 Brian Henton United Kingdom 1975, 1977, 1981-1982
3%
No matching quizzes found
Score Distribution
Percent of People with Each Score
Percentile by Number Answered
Your Score History
You have not taken this quiz since the last reset